[Event "65th NED-ch"]
[Site "Haaksbergen NED"]
[Date "2009.09.12"]
[Round "1"]
[White "Kuijpers, Franciscus"]
[Black "Swinkels, Robin"]
[Result "1/2-1/2"]
[WhiteElo "2458"]
[BlackElo "2113"]
[EventDate "2009.09.12"]
[PlyCount "252"]

1.e4 c5 2.Nf3 d6 3.d4 cxd4 4.Nxd4 Nf6 5.Nc3 Nc6 6.Bg5 e6 7.Qd2 a6 8.O-O-O 
Bd7 9.f4 h6 10.Bh4 g5 11.fxg5 Ng4 12.Nxc6 Bxc6 13.Qf4 hxg5 14.Bxg5 Qxg5 
15.Qxg5 Bh6 16.Qxh6 Rxh6 17.Rxd6 Nf2 18.Rg1 Rxh2 19.Be2 Ke7 20.Rd4 Rg8 21.
Bf3 Ng4 22.Re1 Ne5 23.Nd5+ Kf8 24.Nf4 Rg3 25.Bd1 Ng6 26.Nxg6+ fxg6 27.Bf3 
e5 28.Rd6 Ke7 29.Red1 Rh8 30.b4 Rh4 31.R1d2 g5 32.c4 Rf4 33.b5 axb5 34.
cxb5 Bxb5 35.R6d5 Bc6 36.Rxe5+ Kf7 37.Rc5 g4 38.Bd1 Rxe4 39.Bb3+ Ke7 40.
Rg5 Re1+ 41.Kb2 Rg1 42.Ka3 R3xg2 43.Rd4 Bf3 44.Rg6 Re1 45.Rf4 Rge2 46.
Rfxg4 Bxg4 47.Rxg4 Kd6 48.Rd4+ Kc7 49.Rc4+ Kb8 50.Rh4 Rd2 51.Kb4 Re6 52.
Rg4 Rc6 53.Rh4 Ka7 54.Rg4 Rcd6 55.Rg5 Rh2 56.Rf5 Rd4+ 57.Kc3 Rg4 58.Rf6 
Rgh4 59.Rg6 Rh6 60.Rg5 Kb6 61.Rg7 Rh7 62.Rg5 R2h5 63.Rg8 Rc5+ 64.Kb4 Rh4+ 
65.Ka3 Kb5 66.Rf8 Rg5 67.Re8 Rh6 68.Ba4+ Ka5 69.Re4 Ra6 70.Rh4 b5 71.Bb3 
Rg2 72.Rf4 Rag6 73.Re4 R6g4 74.Re5 Rh2 75.Rf5 Rgh4 76.Rg5 Rh7 77.Rf5 Ra7 
78.Rf4 Rah7 79.Rf5 R7h5 80.Rf4 R2h4 81.Rf8 b4+ 82.Kb2 Rh2+ 83.Kc1 Rc5+ 84.
Kb1 Rg5 85.Rf1 Rhg2 86.Rf8 Rh2 87.Rf1 Kb5 88.Rd1 Rgg2 89.Kc1 Rf2 90.Kb1 
Rd2 91.Rc1 Rh5 92.Re1 Kc5 93.Kc1 Rdh2 94.Re8 Rf2 95.Re1 Kd4 96.Kb1 Rfh2 
97.Rd1+ Ke3 98.Re1+ Kd2 99.Rd1+ Ke3 100.Re1+ Re2 101.Rf1 Rhh2 102.Kc1 Rhf2
103.Rg1 Rg2 104.Rf1 Rh2 105.Kb1 Ref2 106.Re1+ Kd2 107.Rg1 Rfg2 108.Rf1 Ke2
109.Bc4+ Ke3 110.Bb3 Kd2 111.Rd1+ Ke2 112.Rc1 Ke3 113.Rf1 Rf2 114.Rg1 Rf4 
115.Re1+ Re2 116.Rd1 Kf2 117.Rd8 Kf1 118.Rd7 Rfe4 119.Bc2 Re1+ 120.Kb2 Rf4
121.Kb3 Re3+ 122.Kb2 Rf2 123.Kb1 Re1+ 124.Kb2 Ree2 125.Rc7 Kg2 126.Rc8 Kg3
1/2-1/2

[Event "65th NED-ch"]
[Site "Haaksbergen NED"]
[Date "2009.09.12"]
[Round "1"]
[White "Miedema, David"]
[Black "Nijboer, Friso"]
[Result "0-1"]
[WhiteElo "2396"]
[BlackElo "2565"]
[EventDate "2009.09.12"]
[PlyCount "82"]

1.d4 Nf6 2.c4 g6 3.Nc3 Bg7 4.e4 d6 5.f3 O-O 6.Be3 c5 7.dxc5 dxc5 8.Qxd8 
Rxd8 9.Bxc5 Nc6 10.Nge2 Nd7 11.Bf2 Nde5 12.Nf4 b6 13.Nfd5 e6 14.Bh4 exd5 
15.cxd5 g5 16.Bxg5 f6 17.Be3 Na5 18.Be2 Nec4 19.Bd4 Bd7 20.O-O-O b5 21.b4 
Nb7 22.Bxc4 bxc4 23.a4 Bf8 24.Bxf6 Bxb4 25.Kc2 Rdc8 26.Rb1 a5 27.Be7 Nc5 
28.Bxc5 Rxc5 29.Ra1 Kf7 30.g4 Rf8 31.Rhf1 Kf6 32.h3 Ke5 33.f4+ Rxf4 34.
Rxf4 Kxf4 35.Rf1+ Ke5 36.Rf7 Rc7 37.Kb2 Kd4 38.Ne2+ Kxe4 39.Rxh7 c3+ 40.
Ka2 Kxd5 41.h4 Ke4 0-1

[Event "65th NED-ch"]
[Site "Haaksbergen NED"]
[Date "2009.09.12"]
[Round "1"]
[White "Van der Weide, Karel"]
[Black "Reinderman, Dimitri"]
[Result "1/2-1/2"]
[WhiteElo "2457"]
[BlackElo "2537"]
[EventDate "2009.09.12"]
[PlyCount "83"]

1.e4 c5 2.Nf3 d6 3.d4 cxd4 4.Nxd4 Nf6 5.Nc3 g6 6.Bc4 Bg7 7.O-O O-O 8.Re1 
Nc6 9.h3 Bd7 10.Be3 Rc8 11.Bb3 Na5 12.Qd3 a6 13.Rad1 b5 14.Nd5 Nc4 15.Bc1 
Rc5 16.Bxc4 bxc4 17.Qf3 Nxd5 18.exd5 e5 19.dxe6 fxe6 20.Qg3 e5 21.Nf3 Qc7 
22.b3 Bf5 23.Ba3 Rc6 24.Re2 Rd8 25.Qh4 h6 26.Nxe5 g5 27.Qd4 Bxe5 28.Rxe5 
dxe5 29.Qxd8+ Qxd8 30.Rxd8+ Kf7 31.Rd2 cxb3 32.cxb3 Rc2 33.Rxc2 Bxc2 34.
Bb2 e4 35.Kf1 Bd3+ 36.Ke1 h5 37.g3 Ke6 38.Kd2 Bf1 39.h4 gxh4 40.gxh4 Kd5 
41.Ke3 Bg2 42.Bc3 1/2-1/2

[Event "65th NED-ch"]
[Site "Haaksbergen NED"]
[Date "2009.09.13"]
[Round "2"]
[White "Bitalzadeh, Ali"]
[Black "Giri, Anish"]
[Result "1/2-1/2"]
[WhiteElo "2437"]
[BlackElo "2552"]
[EventDate "2009.09.12"]
[PlyCount "62"]

1.Nf3 Nf6 2.c4 c5 3.Nc3 e6 4.g3 b6 5.Bg2 Bb7 6.O-O Be7 7.b3 O-O 8.Bb2 d5 
9.cxd5 Nxd5 10.Nxd5 Bxd5 11.Qc2 Nd7 12.e4 Bb7 13.d4 cxd4 14.Nxd4 Rc8 15.
Qe2 Qc7 16.Rfd1 Nf6 17.e5 Nd5 18.Nf5 exf5 19.Bxd5 Bxd5 20.Rxd5 Rfd8 21.
Rxd8+ Rxd8 22.e6 Bc5 23.Re1 fxe6 24.Qxe6+ Qf7 25.Qe5 f4 26.gxf4 Qg6+ 27.
Kf1 Qd3+ 28.Kg2 Qg6+ 29.Kf1 Qg4 30.Qe6+ Qxe6 31.Rxe6 Kf7 1/2-1/2

[Event "65th NED-ch"]
[Site "Haaksbergen NED"]
[Date "2009.09.13"]
[Round "2"]
[White "Ernst, Sipke"]
[Black "Van der Weide, Karel"]
[Result "1-0"]
[WhiteElo "2099"]
[BlackElo "2457"]
[EventDate "2009.09.12"]
[PlyCount "135"]

1.Nf3 Nf6 2.c4 g6 3.Nc3 Bg7 4.e4 d6 5.d4 O-O 6.Be2 Na6 7.Be3 e5 8.O-O h6 
9.dxe5 Ng4 10.Bd2 Nxe5 11.Nxe5 dxe5 12.Be3 c6 13.Qc1 Kh7 14.Na4 Qe7 15.a3 
b6 16.c5 b5 17.Nc3 Nc7 18.b4 a5 19.bxa5 Ne6 20.a4 b4 21.Na2 b3 22.Nb4 Nd4 
23.Bxd4 exd4 24.Rb1 f5 25.e5 Qxe5 26.Re1 Re8 27.Nd3 Qc7 28.Bf3 Be6 29.Qf4 
Qxf4 30.Nxf4 Bd7 31.Rxe8 Bxe8 32.Rxb3 Rxa5 33.Rb7 Rxa4 34.Kf1 d3 35.Nxd3 
Kg8 36.Rb8 Ra1+ 37.Ke2 Kf7 38.Rc8 Bd4 39.Bxc6 Ra2+ 40.Kd1 Bxc6 41.Rc7+ Kf8
42.Rxc6 Kf7 43.Rd6 Bxf2 44.Ne5+ Ke8 45.c6 Bb6 46.Rxg6 Ke7 47.h4 h5 48.Nc4 
Bc7 49.Ne3 Ra5 50.Rg7+ Kd8 51.Rf7 Rc5 52.Rxf5 Rxc6 53.Rxh5 Rg6 54.Ke1 Bg3+
55.Ke2 Bf4 56.Nd5 Bd6 57.g4 Re6+ 58.Kf3 Re1 59.Rh8+ Kd7 60.Nf6+ Kc6 61.Rh6
Be5 62.g5 Ba1 63.Kg4 Kd6 64.Nh5+ Ke7 65.Nf4 Bb2 66.Rb6 Bd4 67.Rb7+ Kd6 68.
Rb3 1-0

[Event "65th NED-ch"]
[Site "Haaksbergen NED"]
[Date "2009.09.13"]
[Round "2"]
[White "Nijboer, Friso"]
[Black "Reinderman, Dimitri"]
[Result "1-0"]
[WhiteElo "2565"]
[BlackElo "2537"]
[EventDate "2009.09.12"]
[PlyCount "103"]

1.e4 e6 2.d4 d5 3.Nc3 Nc6 4.Nf3 Nf6 5.Bd3 Bb4 6.O-O Bxc3 7.exd5 Bxd4 8.
dxc6 Bc5 9.Ne5 bxc6 10.Qe2 Bb7 11.Bg5 Bd6 12.Rfe1 Rb8 13.Rad1 Qe7 14.Qe3 
Ra8 15.Qh3 Bxe5 16.Rxe5 h6 17.Bd2 Rd8 18.Rde1 Kf8 19.Ra5 a6 20.Qe3 Ra8 21.
a3 Kg8 22.h3 Nd5 23.Qe2 Qf6 24.c4 Nf4 25.Bxf4 Qxf4 26.c5 g6 27.g3 Qf6 28.
Ra4 a5 29.Rf4 Qe7 30.Qe5 Rd8 31.Bc4 Bc8 32.Rf6 Kh7 33.h4 h5 34.Kg2 Qd7 35.
Re3 Rhg8 36.Qf4 Rg7 37.Rd3 Qe7 38.Rxd8 Qxd8 39.Rxf7 Bd7 40.Rxg7+ Kxg7 41.
Qd2 Qe7 42.Qxa5 e5 43.Qd2 Bg4 44.b4 e4 45.Qd4+ Kh7 46.a4 Qe8 47.a5 Bf3+ 
48.Kh2 g5 49.hxg5 h4 50.Qf6 hxg3+ 51.Kxg3 Bh5 52.Qh6# 1-0

[Event "65th NED-ch"]
[Site "Haaksbergen NED"]
[Date "2009.09.14"]
[Round "3"]
[White "Giri, Anish"]
[Black "Swinkels, Robin"]
[Result "1/2-1/2"]
[WhiteElo "2552"]
[BlackElo "2113"]
[EventDate "2009.09.12"]
[PlyCount "45"]

1.e4 c5 2.Nf3 d6 3.d4 cxd4 4.Nxd4 Nf6 5.Nc3 Nc6 6.Bg5 e6 7.Qd2 a6 8.O-O-O 
Qb6 9.f3 Qxd4 10.Qxd4 Nxd4 11.Rxd4 Be7 12.Na4 Nd7 13.Bxe7 Kxe7 14.c4 Rb8 
15.Be2 Nc5 16.Nb6 Rd8 17.Rhd1 e5 18.R4d2 Ne6 19.Nd5+ Ke8 20.Ne3 Nd4 21.Nc2
Nxe2+ 22.Rxe2 Be6 23.b3 1/2-1/2

[Event "65th NED-ch"]
[Site "Haaksbergen NED"]
[Date "2009.09.14"]
[Round "3"]
[White "Reinderman, Dimitri"]
[Black "Ernst, Sipke"]
[Result "1-0"]
[WhiteElo "2537"]
[BlackElo "2099"]
[EventDate "2009.09.12"]
[PlyCount "79"]

1.c4 Nf6 2.Nc3 Nc6 3.Nf3 e5 4.g3 Nd4 5.Bg2 Nxf3+ 6.Bxf3 Bb4 7.Qb3 Bc5 8.
O-O c6 9.e3 Qe7 10.Qc2 d6 11.a3 h5 12.b4 Bb6 13.b5 cxb5 14.Nxb5 Bg4 15.Bg2
O-O 16.a4 a6 17.Nc3 Ba5 18.Rb1 Rab8 19.Ba3 Rfd8 20.f4 exf4 21.Rxf4 Be6 22.
Qd3 Ng4 23.Qd4 Qd7 24.Ne4 f6 25.h3 Ne5 26.Rxf6 Kh8 27.Rh6+ gxh6 28.Bxd6 
Qg7 29.Qxe5 Qxe5 30.Bxe5+ Kg8 31.Bxb8 Rxb8 32.d3 Bf5 33.Kf2 Kh8 34.Ke2 Bc7
35.Nf6 Rf8 36.Nxh5 b6 37.Nf4 Rf7 38.g4 Bd7 39.Nd5 Bg3 40.Bf3 1-0

[Event "65th NED-ch"]
[Site "Haaksbergen NED"]
[Date "2009.09.14"]
[Round "3"]
[White "Van der Weide, Karel"]
[Black "Bitalzadeh, Ali"]
[Result "1-0"]
[WhiteElo "2457"]
[BlackElo "2437"]
[EventDate "2009.09.12"]
[PlyCount "109"]

1.e4 c6 2.d4 d5 3.e5 c5 4.dxc5 e6 5.Be3 Nh6 6.c3 Nd7 7.Bb5 Nf5 8.Bd4 a6 9.
Bxd7+ Bxd7 10.Nf3 Nxd4 11.cxd4 b6 12.c6 Bxc6 13.O-O g5 14.Nc3 h5 15.Ne1 g4
16.Nd3 Qh4 17.Rc1 Bh6 18.Rc2 a5 19.Kh1 Rh7 20.f4 gxf3 21.Qxf3 Kd7 22.Nf4 
Bxf4 23.Qxf4 Qxf4 24.Rxf4 b5 25.Ne2 b4 26.Rf2 a4 27.h4 Rg8 28.Kh2 Rg4 29.
Rf4 Bb5 30.Rxg4 hxg4 31.Kg3 Bc4 32.Nc1 f5 33.exf6 Rf7 34.b3 axb3 35.axb3 
Bb5 36.Rf2 e5 37.dxe5 Ke6 38.Na2 Kxe5 39.Nxb4 d4 40.Kxg4 d3 41.Rf5+ Ke6 
42.Nd5 Kd6 43.Kg5 Bd7 44.Rf3 Kxd5 45.Rxd3+ Ke4 46.Rxd7 Rxd7 47.Kg6 Rd6 48.
g4 Kf4 49.g5 Kg4 50.Kg7 Kxh4 51.f7 Rd7 52.Kg8 Rd8+ 53.f8=Q Rxf8+ 54.Kxf8 
Kxg5 55.Ke7 1-0

[Event "65th NED-ch"]
[Site "Haaksbergen NED"]
[Date "2009.09.15"]
[Round "4"]
[White "Bitalzadeh, Ali"]
[Black "Reinderman, Dimitri"]
[Result "1/2-1/2"]
[WhiteElo "2437"]
[BlackElo "2537"]
[EventDate "2009.09.12"]
[PlyCount "64"]

1.c4 f5 2.g3 Nf6 3.d4 e6 4.Bg2 c6 5.Nh3 d6 6.O-O Be7 7.Nc3 O-O 8.e4 e5 9.
dxe5 dxe5 10.Qxd8 Rxd8 11.Re1 fxe4 12.Ng5 Na6 13.Ngxe4 Nb4 14.Rb1 Nd3 15.
Rf1 Bf5 16.Be3 Ng4 17.b3 Nxe3 18.fxe3 g6 19.Rbd1 Nc5 20.h3 a5 21.Kf2 Nxe4+
22.Nxe4 a4 23.Rxd8+ Rxd8 24.bxa4 Ra8 25.Rb1 Rxa4 26.Rxb7 Rxa2+ 27.Kf3 Kf8 
28.Bf1 Ra1 29.Bd3 Ra3 30.Bf1 Ra1 31.Bd3 Ra3 32.Bf1 Ra1 1/2-1/2

[Event "65th NED-ch"]
[Site "Haaksbergen NED"]
[Date "2009.09.15"]
[Round "4"]
[White "Nijboer, Friso"]
[Black "Ernst, Sipke"]
[Result "1/2-1/2"]
[WhiteElo "2565"]
[BlackElo "2099"]
[EventDate "2009.09.12"]
[PlyCount "64"]

1.e4 e5 2.Nf3 Nc6 3.Bb5 a6 4.Ba4 Nf6 5.O-O Nxe4 6.d4 b5 7.Bb3 d5 8.dxe5 
Be6 9.Nbd2 Nc5 10.c3 Be7 11.Bc2 d4 12.cxd4 Nxd4 13.Nxd4 Qxd4 14.Nf3 Qxd1 
15.Rxd1 O-O 16.Be3 Rfd8 17.Nd4 Bd5 18.Nf5 Bf8 19.Rd2 Ne6 20.a3 Bb7 21.Rad1
Rxd2 22.Rxd2 a5 23.Bb3 b4 24.axb4 axb4 25.f3 Ra5 26.f4 g6 27.Ng3 Bc5 28.
Bxc5 Rxc5 29.Ne2 Ba6 30.Kf2 Bxe2 31.Bxe6 fxe6 32.Kxe2 g5 1/2-1/2

[Event "65th NED-ch"]
[Site "Haaksbergen NED"]
[Date "2009.09.15"]
[Round "4"]
[White "Swinkels, Robin"]
[Black "Van der Weide, Karel"]
[Result "1-0"]
[WhiteElo "2113"]
[BlackElo "2457"]
[EventDate "2009.09.12"]
[PlyCount "81"]

1.e4 c5 2.Nf3 d6 3.d4 cxd4 4.Nxd4 Nf6 5.Nc3 Nc6 6.Bg5 e6 7.Qd2 Be7 8.O-O-O
O-O 9.f4 Nxd4 10.Qxd4 Qa5 11.e5 dxe5 12.Qxe5 Qxe5 13.fxe5 Nd5 14.Bxe7 Nxe7
15.Bd3 b6 16.Be4 Rb8 17.Rhe1 Bb7 18.Rd7 Bxe4 19.Rxe4 Nc6 20.Nb5 Rfd8 21.
Rd6 Rxd6 22.exd6 a6 23.Nc7 Rd8 24.Ra4 a5 25.Nb5 Ne5 26.Ra3 Rc8 27.b4 axb4 
28.Ra7 Kf8 29.Rc7 Ra8 30.Kb2 g5 31.Na7 Rd8 32.Nc8 Nd7 33.Kb3 Nc5+ 34.Kc4 
Ne4 35.Rc6 Kg7 36.Kd4 Nc3 37.Nxb6 Nxa2 38.Ke5 b3 39.cxb3 Nb4 40.Rc3 Kf8 
41.Rc4 1-0

[Event "65th NED-ch"]
[Site "Haaksbergen NED"]
[Date "2009.09.16"]
[Round "5"]
[White "Ernst, Sipke"]
[Black "Bitalzadeh, Ali"]
[Result "1-0"]
[WhiteElo "2099"]
[BlackElo "2437"]
[EventDate "2009.09.12"]
[PlyCount "123"]

1.Nf3 c5 2.c4 Nc6 3.d4 cxd4 4.Nxd4 e6 5.g3 Nf6 6.Bg2 Qb6 7.Nb5 a6 8.Nd6+ 
Bxd6 9.Qxd6 Qb4+ 10.Qxb4 Nxb4 11.Na3 d6 12.O-O Ke7 13.Rd1 Rd8 14.Be3 Nc6 
15.Bb6 Rh8 16.Rd2 Ne8 17.Rad1 f5 18.e4 fxe4 19.Bxe4 Ne5 20.c5 d5 21.Bxd5 
exd5 22.Re1 Nf6 23.Rxe5+ Kf7 24.Rde2 Bg4 25.Re7+ Kg6 26.Re1 Rhe8 27.Nc2 
Rxe7 28.Rxe7 Re8 29.Rxe8 Nxe8 30.Nd4 Kf6 31.f3 Bd7 32.Kf2 g6 33.Bd8+ Kf7 
34.Nb3 Ng7 35.Na5 Bc8 36.Bb6 Nf5 37.c6 bxc6 38.Nxc6 Nd6 39.b3 Ke6 40.Bc5 
Nf5 41.g4 Nh6 42.Be3 Nf7 43.Bf4 Bb7 44.Nd4+ Kd7 45.Ke3 Nd8 46.Nc2 Nc6 47.
Nd4 a5 48.Bg3 Ba6 49.Nc2 a4 50.bxa4 Bc4 51.f4 Bxa2 52.Nd4 Bc4 53.f5 Nxd4 
54.Kxd4 Be2 55.h3 Bf1 56.f6 Ke6 57.g5 Bxh3 58.a5 Bf1 59.Be5 Bc4 60.Kc5 Kd7
61.Bd4 Ke6 62.Kb6 1-0

[Event "65th NED-ch"]
[Site "Haaksbergen NED"]
[Date "2009.09.16"]
[Round "5"]
[White "Giri, Anish"]
[Black "Kuijpers, Franciscus"]
[Result "1-0"]
[WhiteElo "2552"]
[BlackElo "2458"]
[EventDate "2009.09.12"]
[PlyCount "79"]

1.d4 d5 2.c4 c6 3.Nf3 Nf6 4.Nc3 dxc4 5.a4 Bf5 6.Ne5 Nbd7 7.Nxc4 Nb6 8.Ne5 
a5 9.f3 Nfd7 10.Nxd7 Nxd7 11.e4 Bg6 12.Be2 Qb6 13.f4 f5 14.O-O fxe4 15.f5 
Bf7 16.Bh5 g6 17.fxg6 hxg6 18.Rxf7 Rxh5 19.Rf2 Nf6 20.Be3 O-O-O 21.Qe2 Qb3
22.d5 Nxd5 23.Qg4+ Kb8 24.Qxg6 Rh8 25.Bd4 Rh6 26.Qxe4 e5 27.Qxe5+ Bd6 28.
Qg5 Bxh2+ 29.Kf1 Qc4+ 30.Ne2 Rhh8 31.Rc1 Qd3 32.Rf3 Qe4 33.Bxh8 Rxh8 34.
Ng3 Bxg3 35.Qxg3+ Ka8 36.Kg1 Qxa4 37.Qg7 Rb8 38.Rf8 Qe4 39.Ra1 a4 40.Qe5 
1-0

[Event "65th NED-ch"]
[Site "Haaksbergen NED"]
[Date "2009.09.16"]
[Round "5"]
[White "Reinderman, Dimitri"]
[Black "Swinkels, Robin"]
[Result "1-0"]
[WhiteElo "2537"]
[BlackElo "2113"]
[EventDate "2009.09.12"]
[PlyCount "101"]

1.d4 Nf6 2.Nc3 d5 3.Bg5 e6 4.e4 dxe4 5.Nxe4 Be7 6.Bxf6 gxf6 7.Qd3 f5 8.Nc3
b6 9.d5 c6 10.dxe6 fxe6 11.Qe3 Bc5 12.Qg3 Qd6 13.Nf3 Nd7 14.Qxd6 Bxd6 15.
O-O-O Bc5 16.Nd4 Bxd4 17.Rxd4 Ke7 18.Rd2 a5 19.g3 Nc5 20.Bg2 Bb7 21.Rhd1 
Rhd8 22.Rxd8 Rxd8 23.Rxd8 Kxd8 24.f4 Kc7 25.Ne2 Bc8 26.Kd2 Bd7 27.Ke3 Kd6 
28.Bf3 Be8 29.h3 h5 30.Nc1 e5 31.fxe5+ Kxe5 32.h4 Ne6 33.Nd3+ Kf6 34.Nf4 
Nxf4 35.Kxf4 Bf7 36.a3 c5 37.Bc6 Bc4 38.Bd7 Be2 39.Bxf5 Bd1 40.c3 Bb3 41.
Bd7 Bc2 42.Be8 Bd1 43.Ke4 Ke6 44.Bb5 Bg4 45.Bc4+ Kf6 46.Kf4 Bd1 47.Bd3 Ba4
48.Be2 Be8 49.g4 hxg4 50.Bxg4 Bg6 51.Bf3 1-0

[Event "65th NED-ch"]
[Site "Haaksbergen NED"]
[Date "2009.09.16"]
[Round "5"]
[White "Van der Weide, Karel"]
[Black "Miedema, David"]
[Result "0-1"]
[WhiteElo "2457"]
[BlackElo "2396"]
[EventDate "2009.09.12"]
[PlyCount "68"]

1.e4 e6 2.d4 d5 3.Nc3 Bb4 4.e5 Ne7 5.a3 Bxc3+ 6.bxc3 c5 7.Qg4 O-O 8.Bd3 
Nbc6 9.Bg5 Qa5 10.Ne2 Qa4 11.Bxe7 Nxe7 12.Bxh7+ Kxh7 13.Qh4+ Kg8 14.Qxe7 
b6 15.Kd1 Ba6 16.Re1 Bd3 17.Rc1 Rac8 18.Nf4 Bf5 19.Qg5 cxd4 20.g4 Bxc2+ 
21.Ke2 Rxc3 22.Kf1 Rfc8 23.Kg1 Bh7 24.Rcd1 d3 25.h3 Qxa3 26.Nh5 Bg6 27.Ra1
d2 28.Qxd2 Qb4 29.Qg5 Rxh3 30.Kg2 Ra3 31.Rxa3 Qxe1 32.Rf3 Qc1 33.Qe7 d4 
34.Kh2 Qh6 0-1

[Event "65th NED-ch"]
[Site "Haaksbergen NED"]
[Date "2009.09.17"]
[Round "6"]
[White "Miedema, David"]
[Black "Reinderman, Dimitri"]
[Result "1/2-1/2"]
[WhiteElo "2396"]
[BlackElo "2537"]
[EventDate "2009.09.12"]
[PlyCount "137"]

1.d4 d6 2.c4 e5 3.Nc3 exd4 4.Qxd4 Nf6 5.g3 Nc6 6.Qd2 Be6 7.Nd5 Ne5 8.b3 
Ne4 9.Qe3 Nc5 10.Nf3 Nxf3+ 11.Qxf3 c6 12.Nf4 Be7 13.Nxe6 fxe6 14.Bd2 Bf6 
15.Rd1 Bd4 16.b4 Nd7 17.Bh3 Ne5 18.Qe4 Qf6 19.O-O d5 20.cxd5 exd5 21.Qf5 
Qxf5 22.Bxf5 Nc4 23.Bc1 Bf6 24.b5 Nd6 25.Bd3 c5 26.Bf4 Nc8 27.Bf5 Nb6 28.
a4 Nxa4 29.Rxd5 Nc3 30.Rxc5 Nxe2+ 31.Kh1 Nxf4 32.Re1+ Kf8 33.gxf4 g6 34.
Re6 Bh4 35.Be4 Re8 36.Rxe8+ Kxe8 37.Rc7 Rf8 38.Rxh7 Rxf4 39.f3 g5 40.Kg2 
Kf8 41.Bd5 Rf5 42.Bc4 Rf4 43.Be6 Rf6 44.Bc4 a6 45.Rxb7 axb5 46.Rxb5 Ke7 
47.Bd3 Rf8 48.Be4 Ke6 49.Kh3 Rf4 50.Bd5+ Kd6 51.Be4 Ke6 52.Bb7 Kf6 53.Rb6+
Ke7 54.Be4 Kf7 55.Rh6 Ke7 56.Kg2 Rf6 57.Rh7+ Rf7 58.Rh5 Rf8 59.Kf1 Rb8 60.
Kg2 Rf8 61.Kf1 Rb8 62.Rh7+ Ke6 63.Kg2 Rf8 64.Kf1 Rb8 65.Bb7 Re8 66.Ke2 Re7
67.Rh6+ Ke5 68.Be4 Ra7 69.h3 1/2-1/2

[Event "65th NED-ch"]
[Site "Haaksbergen NED"]
[Date "2009.09.17"]
[Round "6"]
[White "Nijboer, Friso"]
[Black "Bitalzadeh, Ali"]
[Result "1/2-1/2"]
[WhiteElo "2565"]
[BlackElo "2437"]
[EventDate "2009.09.12"]
[PlyCount "54"]

1.e4 c6 2.d4 d5 3.e5 c5 4.Nf3 Bg4 5.dxc5 Nc6 6.Bb5 Qa5+ 7.Nc3 e6 8.Be3 Ne7
9.a3 O-O-O 10.b4 Bxf3 11.gxf3 Qc7 12.Bxc6 Nxc6 13.Bf4 a6 14.Qe2 f6 15.Na4 
fxe5 16.Bg3 g6 17.c3 Bg7 18.Rb1 d4 19.b5 axb5 20.Rxb5 dxc3 21.Nb6+ Kb8 22.
Kf1 Qf7 23.Kg2 Rd2 24.Qe4 Rd4 25.Qe2 Rd2 26.Qe4 Rd4 27.Qe2 Rd2 1/2-1/2

[Event "65th NED-ch"]
[Site "Haaksbergen NED"]
[Date "2009.09.17"]
[Round "6"]
[White "Swinkels, Robin"]
[Black "Ernst, Sipke"]
[Result "1/2-1/2"]
[WhiteElo "2113"]
[BlackElo "2099"]
[EventDate "2009.09.12"]
[PlyCount "34"]

1.e4 e5 2.Nf3 Nc6 3.Bb5 a6 4.Bxc6 dxc6 5.O-O f6 6.d4 Bg4 7.c3 Bd6 8.Be3 
Qe7 9.Nbd2 O-O-O 10.dxe5 Bxe5 11.Qc2 Nh6 12.Nxe5 fxe5 13.f3 Be6 14.Rfd1 
Nf7 15.b4 Rd7 16.Nb3 Rxd1+ 17.Rxd1 Rd8 1/2-1/2

[Event "65th NED-ch"]
[Site "Haaksbergen NED"]
[Date "2009.09.18"]
[Round "7"]
[White "Bitalzadeh, Ali"]
[Black "Swinkels, Robin"]
[Result "0-1"]
[WhiteElo "2437"]
[BlackElo "2113"]
[EventDate "2009.09.12"]
[PlyCount "150"]

1.c4 b6 2.d4 Bb7 3.Nc3 e6 4.e4 Bb4 5.Bd3 f5 6.d5 fxe4 7.Bxe4 Qh4 8.Qd3 Nf6
9.Bf3 Na6 10.Be3 Nc5 11.Bxc5 Bxc5 12.g3 Qd4 13.Qxd4 Bxd4 14.Nge2 Bc5 15.
O-O O-O-O 16.a3 Rhf8 17.b4 Bd6 18.Nd4 exd5 19.cxd5 Be5 20.Rfd1 Ne8 21.Bg2 
Nd6 22.Rac1 Ba6 23.Ne4 Rde8 24.Nxd6+ Bxd6 25.Bh3 g6 26.Nc6 Rf7 27.Re1 Ref8
28.Re3 Kb7 29.Nd4 Kb8 30.Rce1 Bc4 31.Re8+ Rxe8 32.Rxe8+ Kb7 33.Nc6 Rf8 34.
Rxf8 Bxf8 35.Bxd7 Bxd5 36.Nd8+ Ka6 37.Kf1 b5 38.Ne6 Bd6 39.Ke2 Kb6 40.Kd3 
a5 41.Kc3 Be5+ 42.Kd3 Bc4+ 43.Kc2 Bd5 44.f4 Be4+ 45.Kd2 Bd6 46.Kc3 Bf5 47.
Kb3 Be7 48.Kc3 Bf6+ 49.Kb3 Be7 50.Kc3 h5 51.Kb3 Bg4 52.Kc3 Bf6+ 53.Kc2 
Bf5+ 54.Kb3 Be7 55.Kc3 Bg4 56.Kc2 axb4 57.axb4 Bxb4 58.Kb3 Bd6 59.Kc3 Bf5 
60.Kd4 c5+ 61.Kd5 Be7 62.Be8 b4 63.Ba4 c4 64.Nd4 Bd3 65.Bc2 Bf6 66.Bd1 c3 
67.Nc6 Kb5 68.Na7+ Kb6 69.Nc6 Be2 70.Bc2 Bf3+ 71.Kc4 Bxc6 72.Kxb4 Be8 73.
h3 Kc6 74.Be4+ Kd6 75.g4 h4 0-1

[Event "65th NED-ch"]
[Site "Haaksbergen NED"]
[Date "2009.09.18"]
[Round "7"]
[White "Ernst, Sipke"]
[Black "Miedema, David"]
[Result "1-0"]
[WhiteElo "2099"]
[BlackElo "2396"]
[EventDate "2009.09.12"]
[PlyCount "39"]

1.Nf3 Nf6 2.c4 e6 3.Nc3 d5 4.d4 Bb4 5.cxd5 exd5 6.Bg5 h6 7.Bh4 g5 8.Bg3 
Ne4 9.Nd2 Nxg3 10.hxg3 Be6 11.Qc2 c6 12.a3 Bf8 13.e4 dxe4 14.O-O-O Nd7 15.
Bc4 e3 16.Bxe6 exd2+ 17.Rxd2 fxe6 18.Qg6+ Ke7 19.Re1 Kd6 20.d5 1-0

[Event "65th NED-ch"]
[Site "Haaksbergen NED"]
[Date "2009.09.18"]
[Round "7"]
[White "Giri, Anish"]
[Black "Nijboer, Friso"]
[Result "1-0"]
[WhiteElo "2552"]
[BlackElo "2565"]
[EventDate "2009.09.12"]
[PlyCount "73"]

1.d4 Nf6 2.c4 g6 3.Nc3 Bg7 4.e4 d6 5.Nf3 O-O 6.Be2 e5 7.O-O Nc6 8.d5 Ne7 
9.Ne1 Nd7 10.Nd3 f5 11.Bd2 Nf6 12.f3 f4 13.c5 g5 14.Rc1 Ng6 15.Nb5 a6 16.
cxd6 axb5 17.dxc7 Qd7 18.Bb4 g4 19.Nc5 Qxc7 20.Ne6 Qf7 21.Bxb5 gxf3 22.Ng5
fxg2 23.Rf2 Bg4 24.Qb3 Rfc8 25.Rfc2 Rxc2 26.Rxc2 Nh4 27.Nxf7 Kxf7 28.Rc7+ 
Kg6 29.h3 f3 30.Be1 Bh6 31.Bxh4 Rxa2 32.Qxa2 Be3+ 33.Bf2 Bxf2+ 34.Kxf2 
Nxe4+ 35.Kg1 Ng5 36.Bd3+ Kf6 37.Rxh7 1-0

[Event "65th NED-ch"]
[Site "Haaksbergen NED"]
[Date "2009.09.18"]
[Round "7"]
[White "Reinderman, Dimitri"]
[Black "Kuijpers, Franciscus"]
[Result "1-0"]
[WhiteElo "2537"]
[BlackElo "2458"]
[EventDate "2009.09.12"]
[PlyCount "117"]

1.c4 Nf6 2.Nc3 e5 3.Nf3 Nc6 4.g3 Bb4 5.Bg2 O-O 6.O-O e4 7.Ng5 Bxc3 8.bxc3 
Re8 9.f3 exf3 10.Nxf3 d5 11.d4 h6 12.cxd5 Nxd5 13.Qd3 Bg4 14.h3 Bh5 15.e4 
Nb6 16.Nh4 f6 17.Nf5 Ne5 18.Qc2 Nf7 19.e5 fxe5 20.g4 Bg6 21.Nxh6+ Nxh6 22.
Qxg6 Qd6 23.Qxd6 cxd6 24.Bxb7 Rab8 25.Ba6 Nf7 26.a4 d5 27.dxe5 Nxe5 28.Bf4
Re6 29.Kg2 Nbd7 30.Bb5 a6 31.Bxd7 Rb2+ 32.Rf2 Rxf2+ 33.Kxf2 Nxd7 34.Be3 
Rc6 35.Bd4 Nc5 36.Rb1 Ne4+ 37.Ke3 g5 38.Rb8+ Kf7 39.Rb7+ Ke8 40.Rh7 Rc4 
41.a5 Nxc3 42.Bxc3 Rxc3+ 43.Kd4 Ra3 44.Rg7 Ra4+ 45.Ke5 Kf8 46.Rxg5 Rxa5 
47.Ke6 Ra3 48.h4 Re3+ 49.Kf6 d4 50.h5 Re7 51.Rd5 Rf7+ 52.Kg5 Rg7+ 53.Kh4 
Re7 54.h6 Kf7 55.Kh5 a5 56.g5 Re1 57.g6+ Kf6 58.g7 Rh1+ 59.Kg4 1-0

[Event "65th NED-ch"]
[Site "Haaksbergen NED"]
[Date "2009.09.19"]
[Round "8"]
[White "Kuijpers, Franciscus"]
[Black "Ernst, Sipke"]
[Result "1/2-1/2"]
[WhiteElo "2458"]
[BlackElo "2099"]
[EventDate "2009.09.12"]
[PlyCount "68"]

1.e4 e5 2.Nf3 Nc6 3.Bb5 a6 4.Ba4 Nf6 5.O-O Nxe4 6.d4 b5 7.Bb3 d5 8.dxe5 
Be6 9.Be3 Be7 10.c3 Nc5 11.Bc2 Nd7 12.Bd4 Ncb8 13.b4 c5 14.bxc5 Nc6 15.
Nbd2 Qc7 16.Nb3 O-O 17.Re1 Rfe8 18.Qd2 Bg4 19.Ng5 Ndxe5 20.Bxh7+ Kf8 21.
Bc2 f6 22.Bxe5 Nxe5 23.Qxd5 fxg5 24.Rxe5 Bf6 25.Rxe8+ Rxe8 26.Nd4 Qe5 27.
Qxe5 Rxe5 28.h3 Rxc5 29.hxg4 Bxd4 30.Rd1 Rxc3 31.Bb3 Bb6 32.Kf1 a5 33.Rd6 
Bc5 34.Rd5 a4 1/2-1/2

[Event "65th NED-ch"]
[Site "Haaksbergen NED"]
[Date "2009.09.19"]
[Round "8"]
[White "Giri, Anish"]
[Black "Van der Weide, Karel"]
[Result "1-0"]
[WhiteElo "2552"]
[BlackElo "2457"]
[EventDate "2009.09.12"]
[PlyCount "101"]

1.e4 c5 2.Nf3 b6 3.d4 cxd4 4.Nxd4 Bb7 5.Nc3 a6 6.Bg5 Qc7 7.Bd3 g6 8.O-O 
Bg7 9.Nf3 Nf6 10.Re1 d6 11.Nd5 Bxd5 12.exd5 O-O 13.Nd4 Ra7 14.c4 Re8 15.
Bf1 Qc8 16.h3 Rc7 17.Qd2 Nbd7 18.Nc6 Nc5 19.Be3 e5 20.b4 Ncd7 21.a4 Ne4 
22.Qc2 f5 23.a5 bxa5 24.Rxa5 Nef6 25.Qa2 f4 26.Bc1 Nb8 27.c5 Bf8 28.Nxb8 
Qxb8 29.Bd2 Rf7 30.Rxa6 f3 31.g3 e4 32.Rb6 Qc8 33.Be3 h5 34.cxd6 Qf5 35.d7
Nxd7 36.Re6 Rb8 37.b5 Bc5 38.d6 Rbf8 39.Qc4 Bxe3 40.Rxe3 Nf6 41.Re7 Kg7 
42.b6 Rxe7 43.dxe7 Re8 44.b7 Qe5 45.Qc8 Qb2 46.Rc3 Qb1 47.g4 hxg4 48.hxg4 
g5 49.Qf5 Qa1 50.Rc8 e3 51.Qxg5+ 1-0

[Event "65th NED-ch"]
[Site "Haaksbergen NED"]
[Date "2009.09.19"]
[Round "8"]
[White "Miedema, David"]
[Black "Bitalzadeh, Ali"]
[Result "1-0"]
[WhiteElo "2396"]
[BlackElo "2437"]
[EventDate "2009.09.12"]
[PlyCount "129"]

1.d4 Nf6 2.c4 e6 3.Nf3 c5 4.d5 b5 5.dxe6 fxe6 6.cxb5 d5 7.e3 Bd6 8.Nbd2 
O-O 9.Bd3 Bb7 10.Qe2 Nbd7 11.O-O Ne4 12.Rd1 Qe7 13.Bc2 Rf5 14.Nf1 Raf8 15.
Ng3 Bxg3 16.fxg3 Qf6 17.g4 Rxf3 18.gxf3 Ng5 19.f4 Nh3+ 20.Kg2 Qh4 21.Qf3 
d4 22.e4 Nf2 23.Qxf2 Bxe4+ 24.Bxe4 Qxg4+ 25.Qg3 Qe2+ 26.Kh1 Qxd1+ 27.Qg1 
Qe2 28.Bg2 Nf6 29.Qf1 Qc2 30.Qe1 c4 31.Qd2 d3 32.Qxc2 dxc2 33.Be3 Rd8 34.
Rf1 Rd1 35.Bc1 Ne4 36.Kg1 Nc5 37.Bf3 Rxf1+ 38.Kxf1 Nd3 39.Be3 c1=Q+ 40.
Bxc1 Nxc1 41.a4 Nb3 42.Be2 Kf7 43.Kf2 Nc5 44.a5 Ne4+ 45.Ke3 Nd6 46.b6 axb6
47.axb6 Ke7 48.Kd4 Kd7 49.Kc5 Ne4+ 50.Kxc4 Nf2 51.Kd4 Nh3 52.Ke5 g5 53.
fxg5 Nxg5 54.h4 Nf7+ 55.Kf6 Nd6 56.Bf3 Nc4 57.b7 Kc7 58.b4 e5 59.Bd5 Nb2 
60.b5 Nd3 61.Be4 Nc5 62.Kxe5 h5 63.Bf3 Nd7+ 64.Kf5 Kd6 65.Bxh5 1-0